Obras completas de San Bernardo. (Record no. 10434)

MARC details
000 -LEADER
campo de control de longitud fija 01210nam a2200313 i 4500
001 - NÚMERO DE CONTROL
campo de control 10434
003 - IDENTIFICADOR DE NÚMERO DE CONTROL
campo de control ES-MaACL
005 - FECHA Y HORA DE LA ÚLTIMA TRANSACCIÓN
campo de control 20250808062708.0
007 - CAMPO FIJO DE DESCRIPCIÓN FÍSICA--INFORMACIÓN GENERAL
campo de control de longitud fija t|
008 - DATOS DE LONGITUD FIJA--INFORMACIÓN GENERAL
campo de control de longitud fija 950615s1993 sp |||| | spa d
020 ## - NÚMERO INTERNACIONAL ESTÁNDAR DEL LIBRO
Número Internacional Estándar del Libro 84-7914-085-2
080 ## - NÚMERO DE LA CLASIFICACIÓN DECIMAL UNIVERSAL
Número de la Clasificación Decimal Universal 276(Bernardo,S.1.02)
100 0# - ENTRADA PRINCIPAL--NOMBRE DE PERSONA
Nombre de persona Bernardo,
Títulos y otros términos asociados al nombre Santo,
Fechas asociadas al nombre 1090?-1153
9 (RLIN) 28290
245 10 - MENCIÓN DEL TÍTULO
Título Obras completas de San Bernardo.
Número de parte o sección de la obra VIII /
Mención de responsabilidad, etc. edición preparada por los Monjes Cistercienses de España ; introducciones y traducción por Juan María de la Torre ; índice de materias por Iñaki Aranguren y Mariano Ballano.
250 ## - MENCION DE EDICION
Mención de edición Ed. bilingüe.
260 ## - PUBLICACIÓN, DISTRIBUCIÓN, ETC.
Lugar de publicación, distribución, etc. Madrid :
Nombre del editor, distribuidor, etc. Biblioteca de Autores Cristianos,
Fecha de publicación, distribución, etc. 1993.
300 ## - DESCRIPCIÓN FÍSICA
Extensión XIV, 693 p. ;
Dimensiones 20 cm.
490 1# - MENCIÓN DE SERIE
Mención de serie Biblioteca de autores cristianos ;
Designación de volumen o secuencia 527
500 ## - NOTA GENERAL
Nota general Texto latino y traducción en español.
505 8# - NOTA DE CONTENIDO CON FORMATO
Nota de contenido con formato Contiene: Sentencias y Parábolas ; Índice de materias
650 07 - PUNTO DE ACCESO ADICIONAL DE MATERIA--TÉRMINO DE MATERIA
Término de materia o nombre geográfico como elemento de entrada Religión
Fuente del encabezamiento o término embne
9 (RLIN) 16797
700 1# - ENTRADA AGREGADA--NOMBRE PERSONAL
Nombre de persona Torre, Juan María de la.
9 (RLIN) 110745
700 1# - ENTRADA AGREGADA--NOMBRE PERSONAL
Nombre de persona Aranguren, Iñaki.
9 (RLIN) 22313
700 1# - ENTRADA AGREGADA--NOMBRE PERSONAL
Nombre de persona Ballano, Mariano.
9 (RLIN) 24966
710 2# - ENTRADA AGREGADA--NOMBRE DE ENTIDAD CORPORATIVA
Nombre de entidad corporativa o nombre de jurisdicción como elemento de entrada Cistercienses.
9 (RLIN) 151139
830 00 - PUNTO DE ACCESO ADICIONAL DE SERIE-TÍTULO UNIFORME
Título uniforme Biblioteca de autores cristianos
Designación de volumen o secuencia 527
9 (RLIN) 178679
852 ## - LOCALIZACIÓN
Ubicación ES-MaACL
Número de control de estantería J-514
Holdings
Estatus retirado Estado de pérdida Estado de daño No para préstamo Biblioteca de origen Biblioteca actual Ubicación en estantería Fecha de adquisición Fuente de adquisición Total de préstamos Signatura topográfica completa Código de barras Visto por última vez Precio de reemplazo Tipo de ítem Koha
        Biblioteca del Ateneo de Madrid Biblioteca del Ateneo de Madrid Depósito 2 17/01/2008     J-514 1010644 23/02/2023 23/02/2023 Libro impreso